=LDR 00000nam 2200000 4500 =001 INLIS000000000017515 =005 20130612112727 =008 ***********************************Ind** =035 ##$$0010-061300000017515 =041 ##$$a Ind =082 ##$$a 665.5 =090 ##$$a 665.5, Har t =100 ##$$a Harjono =245 ##$$a Teknologi minyak bumi, oleh A. Harjono =260 ##$$a 2001 $b Yogyakarta =300 ##$$a xi, 207 hlm, ilus, 24 cm =650 ##$$a Minyak Bumi =850 ##$$a NBPNMAT